Most Common Words In English Starting With Q - Statistics

General Stats
  • This quiz has been taken 1,748 times
  • The average score is 7 of 12
Answer Stats
Word % Correct
quit
90%
quick
81%
quiet
78%
question
77%
quite
74%
quote
63%
quickly
61%
quality
60%
quarter
58%
quietly
46%
qualify
43%
quarterback
16%
No matching quizzes found
Score Distribution
Percent of People with Each Score
Percentile by Number Answered
Your Score History
You have not taken this quiz